Coleccin̤ de Derecho Privado

Bibliographic Details
Format: Journal
Language:Spanish
Published: Santiago (Chile) : Universidad Diego Portales, 2004
Subjects:
Online Access:http://www.vlex.com/source/6753

MARC

LEADER 00000nas a22000007a 4500
005 20130218180256.0
007 cr|||| ||||
008 130218c20049999cl ar|p s|||| 0|||b|spa d
022 |a 0716-727 X  
035 |a 6753 
040 |a vLex 
090 |c 3678  |d 3678 
245 0 0 |a Coleccin̤ de Derecho Privado  |h [Recurso electrn̤ico]  
256 |a Servicio en ln̕ea 
260 |a Santiago (Chile) :  |b Universidad Diego Portales,   |c 2004 
300 |a 1 Recurso electrn̤ico 
650 0 4 |a Derecho civil  |v Revista 
740 |a vLex Revistas (Servicio en ln̕ea) 
856 |a Acceso restringido  |u http://www.vlex.com/source/6753 
942 |c REV 
999 0 |a Civil law